Bảo vệ đất và chống xói mòn

Zapisane w:
Opis bibliograficzny
1. autor: N Hudson
Format: Książka
Język:Undetermined
Wydane: Hà Nội KHKT 1981
Hasła przedmiotowe:
Etykiety: Dodaj etykietę
Nie ma etykietki, Dołącz pierwszą etykiete!
Thư viện lưu trữ: Trung tâm Học liệu Trường Đại học Cần Thơ
LEADER 00547nam a2200181Ia 4500
001 CTU_12413
008 210402s9999 xx 000 0 und d
082 |a 631.4 
082 |b H886 
100 |a N Hudson 
245 0 |a Bảo vệ đất và chống xói mòn 
245 0 |c N Hudson; Dịch giả: Đào Trọng Năng, Nguyễn Kim Dung 
260 |a Hà Nội 
260 |b KHKT 
260 |c 1981 
650 |a soil conservation,soil science 
904 |i Minh, 961113 
980 |a Trung tâm Học liệu Trường Đại học Cần Thơ